Chartres /

La catedral de Chartres, construida entre 1020 y 1225, es considerada el modelo de la catedral gótica, al ser la primera del gótico clásico. De hecho, numerosos estudios la han analizado para indagar la cosmovisión medieval que está detrás de las creaciones góticas, una concepción de la vida donde e...

Πλήρης περιγραφή

Αποθηκεύτηκε σε:
Λεπτομέρειες βιβλιογραφικής εγγραφής
Άλλοι συγγραφείς: Gebelin, François M. (dir.) Διευθυντής ορχήστρας, Delaporte, Y. (introducción) (introducción), Roubier, Jean (fotógrafo) (fotógrafo)
Μορφή: Βιβλίο
Γλώσσα:Γαλλικά
Έκδοση: París, Francia : Alpina, 1942, c1942
Σειρά:(Encyclopédie Alpina Illusrée)
Θέματα:
Ετικέτες: Προσθήκη ετικέτας
Δεν υπάρχουν, Καταχωρήστε ετικέτα πρώτοι!

MARC

LEADER 00000nam^a2200000^a^4500
001 000186733
005 20250521000000.0
009 20260310102236.798
037 |a Acervo ITESO - Biblioteca 
041 |a FRA 
082 |a 720. 94451021  |b GEB 
100 |a Gebelin, François M.  |e (dir.) 
245 1 0 |a Chartres /  |c Dir. de F.M. Gebelin ; introd. de Y. Delaporte ; fotografía de J. Roubier. 
264 4 |a París, Francia :  |b Alpina,  |c 1942, c1942 
300 |a [4], XL p. 
336 |a texto  |b txt  |2 rdacontenido 
337 |a sin mediación  |b n  |2 rdamedio 
338 |a volumen  |b nc  |2 rdasoporte 
440 1 |a (Encyclopédie Alpina Illusrée) 
520 |a La catedral de Chartres, construida entre 1020 y 1225, es considerada el modelo de la catedral gótica, al ser la primera del gótico clásico. De hecho, numerosos estudios la han analizado para indagar la cosmovisión medieval que está detrás de las creaciones góticas, una concepción de la vida donde el hombre siempre tiende a Dios. De sus portadas destaca el Pórtico Real, con bellísimas esculturas medievales sobre santos y profetas del Antiguo Testamento, aunque sin duda la figura más recordada es la del Cristo en Majestad del tímpano. Otra puerta famosa es el Pórtico de la Virgen, de la misma categoría artística. Un segundo foco de atención lo constituye el magnífico conjunto de vitrales que adornan la nave central. Es uno de los escasos conjuntos medievales que se mantienen íntegros. 
649 |a XX 
650 |a Catedrales -  |z Chartres, Francia 
650 |a Catedrales -  |z Francia 
650 |a Templos Cristianos -  |z Chartres, Francia 
650 |a Templos Cristianos -  |z Francia 
650 |a Arquitectura Religiosa -  |z Francia -  |x Historia y Crítica 
650 |a Arquitectura Gótica -  |z Francia -  |x Historia y Crítica 
650 |a Arquitectura Francesa -  |x Historia y Crítica 
650 |a Escultura Religiosa -  |z Francia -  |x Historia y Crítica 
650 |a Escultura Gótica -  |z Francia -  |x Historia y Crítica 
650 |a Escultura Francesa -  |x Historia y Crítica 
650 |a Arte Religioso -  |z Francia -  |x Historia y Crítica 
650 |a Arte Gótico -  |z Francia -  |x Historia y Crítica 
650 |a Arte Francés -  |x Historia y Crítica 
650 |a Arte y Simbolismo Cristianos 
700 |a Delaporte, Y.  |e (introducción) 
700 |a Roubier, Jean  |e (fotógrafo) 
910 |a Fondo Julio de la Peña Lomelín 
920 |a Impresos - Libros 
930 |a Arquitectos Jaliscienses 
905 |a 115 
901 |a 0900065541  |b IT1  |c JAL  |u 20250521 
902 |a https://opac.biblio.iteso.mx/vufind/Record/000186733